000 00898cab a2200253 4500
001 WB3407-16
008 090401t1998 xxu||||| |||| 00| 0 eng d
035 _a(Sirsi) u84338
041 _aeng
245 _aLondon top wealth creator
260 _c1998
350 _a0
490 _aFinancial Times
_v18 February 1998, 12(2)
520 _aAccording to a new series of competitiveness indicators published by government, London is by far the biggest wealth creator amongst UK regions. Graph shows the GDP per head and unemployment rates for the regions. The Regional Competitiveness Indicators will be published twice a year £5 from DTI Statistics Directorate.
650 _aECONOMY
650 _aGDP
650 _aLEAGUE TABLE
650 _aLONDON
650 _aREGIONAL COMPETITVENESS
650 _aREGIONS
690 _aECONOMIC AND SOCIAL
942 _n0
948 _c19/02/1998
999 _c53000
_d53000